Countries by Borders Quiz Stats

 Plays Quiz not verified by Sporcle

Score 0/5 Timer 04:00
0 Plays Today
Country # Country % Correct
Country 2FRANCE
36%
Country 3BRAZIL
33.8%
Country 1SUDAN
28%
Country 4SAUDI ARABIA
24.6%
Country 5SERBIA
17.9%

You're not logged in!

Compare scores with friends on all Sporcle quizzes.
OR
Log In

Show Comments

Extras

Top Quizzes Today


Score Distribution

Your Account Isn't Verified!

In order to create a playlist on Sporcle, you need to verify the email address you used during registration. Go to your Sporcle Settings to finish the process.

Report this User

Report this user for behavior that violates our Community Guidelines.

Details: